Name all warrior cats characters - Statistics

General Stats
  • This quiz has been taken 127 times
    15 since last reset
  • The average score is 307 of 1491
Answer Stats
Letter Cat % Correct
Firestar
100%
Gray sky before dawn
100%
Graystripe
90%
Blackstar
80%
Bluestar
80%
Bramble
80%
Feather
80%
Feather of flying hawk
80%
Jay
80%
Leopardstar
80%
Lionblaze
80%
Sandstorm
80%
Squirrel(Rh)
80%
Squirrel(Sh)
80%
Tigerstar(Avos)
80%
Tigerstar(Tpb)
80%
Ashfur(Shc)
70%
Ashfur(Tc)
70%
Brambleclaw
70%
Holly
70%
Ivypool
70%
Jayfeather
70%
Lionheart
70%
Riverstar
70%
Skystar
70%
Snow
70%
Snow falling on stones
70%
Star that shines on water
70%
Alder
60%
Brightheart
60%
Cinderpelt
60%
Cloud
60%
Cloud with star in belly
60%
Cloud with storm in belly
60%
Crookedstar
60%
Crowfeather
60%
Dark shadow on water
60%
Dovewing
60%
Feathertail
60%
Gray wing
60%
Graywing
60%
Leaf(Lo)
60%
Leaf(Tc)
60%
Millie
60%
Onestar
60%
Raven
60%
Ravenpaw
60%
Scourge
60%
Shadowstar
60%
Snowkit
60%
Tallstar
60%
Thunderstar
60%
Windstar
60%
Yellowfang
60%
Alderheart
50%
Badgerfang
50%
Bone
50%
Cinderheart
50%
Cloudtail
50%
Darktail
50%
Dustpelt
50%
Flame
50%
Flametail
50%
Goosefeather
50%
Hollyleaf
50%
Jay's wing
50%
Leafstar
50%
Leopardfoot
50%
Longtail
50%
Mapleshade
50%
Mist(Lo)
50%
Mist(Rc)
50%
Mist where sunlight shimmers
50%
Moon
50%
Moon shining on water
50%
Moth
50%
Mouse
50%
Night
50%
Night of no stars
50%
Oakheart
50%
Oakstar
50%
Pine
50%
Pinestar
50%
Pine that clings to rock
50%
Princess
50%
Purdy
50%
Silver
50%
Silverstream
50%
Snowfur
50%
Sol
50%
Squirrelstar
50%
Stone(Dotc)
50%
Stone(Hj)
50%
Stone(Sh)
50%
Storm
50%
Storm clouds at dusk
50%
Whitestorm
50%
Adderfang
40%
Ambermoon
40%
Ashfoot
40%
Barkface
40%
Barley
40%
Bee(Cotp)
40%
Bee(Dotc)
40%
Berrynose
40%
Birch
40%
Birchfall
40%
Blackclaw
40%
Bracken
40%
Brackenfur
40%
Breezepelt
40%
Breeze that rustles the leaves
40%
Briarlight
40%
Bristlefrost
40%
Brokenstar
40%
Brook where small fish swim
40%
Bumble
40%
Bumblestripe
40%
Cedarheart
40%
Claw
40%
Daisy(Dk)
40%
Daisy(Tc)
40%
Darkstripe
40%
Deadfoot
40%
Dew
40%
Doestar
40%
Dove's wing
40%
Fall
40%
Featherwhisker
40%
Ferncloud
40%
Floss
40%
Frost
40%
Goldenflower
40%
Hal
40%
Harestar
40%
Haze
40%
Hazeltail
40%
Heathertail
40%
I Ice
40%
Ivytail(Rc)
40%
Ivytail(Shc)
40%
Jet
40%
Jingo
40%
Lark
40%
Lark that sings at dawn
40%
Leafpool
40%
Leaftail
40%
Lion's roar
40%
Littlecloud
40%
Misty
40%
Mistystar
40%
Moonflower
40%
Morningflower
40%
Moss
40%
Moss that grows by river
40%
Moth flight
40%
Mothwing
40%
Mousefur
40%
Mousewhisker
40%
Mud
40%
Needletail
40%
Nightheart(Asc)
40%
Nightheart(Dotc)
40%
Nightstar(Rc)
40%
Nightstar(Shc)
40%
Rain running over rocks
40%
Rowanclaw
40%
Runningnose
40%
Smudge
40%
Sparkpelt
40%
Spiderleg
40%
Spider(Trr)
40%
Spider(Trs)
40%
Spottedleaf
40%
Stonefur
40%
Sunstar
40%
Swift
40%
Swiftpaw
40%
Tawnypelt
40%
Thorn
40%
Thorn that grows in cleft
40%
Turtle tail
40%
Violet
40%
Violetshine
40%
Ajax
30%
Antpelt
30%
Appledusk
30%
Ashheart
30%
Bayshine
30%
Beech
30%
Beechfur(Rc)
30%
Beechfur(Tc)
30%
Bella
30%
Bellaleaf
30%
Berryheart
30%
Billystorm
30%
Birchface
30%
Birchfeather
30%
Birdsong
30%
Bird that rides the wind
30%
Blossom
30%
Blossomfall
30%
Blue whisker
30%
Brackenpelt
30%
Brambleberry
30%
Branch(Dotc)
30%
Branch(Hj)
30%
Braveheart
30%
Brindleface
30%
Cedarpelt
30%
Cedarstar
30%
Chirp
30%
Cinders
30%
Clawface
30%
Cloudberry(Cotc)
30%
Cloudberry(Pc)
30%
Cloudpelt
30%
Crowfrost
30%
Crowfur
30%
Crowstar
30%
Curlfeather
30%
Dandelionkit
30%
Dapplenose
30%
Dappletail
30%
Darkstar(Cotc)
30%
Darkstar(Mv)
30%
Darkstar(Skc)
30%
Dawnflower
30%
Dawnpelt
30%
Deerpaw
30%
Dew nose
30%
Dewnose
30%
Downkit
30%
Dragonfly
30%
Duskfur
30%
Duststar
30%
Eaglekit
30%
Eaglestorm
30%
Eaglewing
30%
Ember
30%
Emberfoot
30%
Fernsong
30%
Filou
30%
Finchlight
30%
Finleap
30%
Flight of startled heron
30%
Flipclaw
30%
Flutter
30%
Fluttering bird
30%
Flywhisker
30%
Fox
30%
Foxleap
30%
Fritz(Kp)
30%
Fritz(Lo)
30%
Frog
30%
Frogleap
30%
Frostdawn
30%
Frostfur
30%
Fury
30%
G Gale rise
30%
Goldenleaf
30%
Goldenpaw
30%
Gorsepaw
30%
Gorsestar
30%
Gorsetail(Pot)
30%
Gorsetail(Tnp)
30%
Graymist
30%
Graypool
30%
H Hailstar
30%
Half moon
30%
Harrybrook
30%
Hawk(Rh)
30%
Hawk(Sh)
30%
Hawkwing
30%
Heatherstar
30%
Heavystep
30%
Heronwing(Rc)
30%
Heronwing(Tc)
30%
Hollystar
30%
Hollytuft
30%
Honeyfern
30%
Honeyfur
30%
Hussar
30%
Icestar
30%
Ivystar
30%
J Jack
30%
Jagged peak
30%
Jagged rock where heron sits
30%
Jaggedtooth
30%
Jake(Ih)
30%
Jake(Tpb)
30%
Jayclaw
30%
Jessy
30%
Juniperclaw
30%
Juniperkit
30%
K Kestrelflight
30%
Kestrelwing
30%
Kinkfur
30%
Larchkit(Mv)
30%
Larchkit(Tnp)
30%
Larksong(Avos)
30%
Larksong(Bp)
30%
Lightleap
30%
Lightning
30%
Lightning scratches sky
30%
Lightning tail
30%
Lioneye
30%
Lionstar
30%
Lizardtail
30%
Luna
30%
Lynxkit
30%
Micah
30%
Mistpool
30%
Mole
30%
Molepelt
30%
Molewhisker(Rc)
30%
Molewhisker(Tc)
30%
Monkeystar
30%
Moonpaw
30%
Morningkit(Rc)
30%
Morningkit(Tc)
30%
Mosskit
30%
Mosspelt
30%
Needleclaw
30%
Nightcloud
30%
Nightfur
30%
Oakfur
30%
Oakkit
30%
Owl
30%
Patch pelt
30%
Patchpelt
30%
Patch(Rf)
30%
Patch(Tas)
30%
Pebble that rolls down mountain
30%
Pinefur
30%
Poppyfrost
30%
Rain(Avos)
30%
Rain(Dotc)
30%
Rain that passes quickly
30%
Rain that rattles on stones
30%
Red
30%
Redstar
30%
Redtail
30%
Reedwhisker
30%
Rippletail
30%
Root
30%
Rootspring
30%
Rowanstar
30%
Runningwind
30%
Russetfur
30%
Sasha
30%
Shadowsight
30%
Shine
30%
Smoke
30%
Smoky
30%
Snowbird
30%
Speckle
30%
Starlingpaw
30%
Stoneteller(Oots)
30%
Stoneteller(Sf)
30%
Stoneteller(Tnp)
30%
Stormcloud
30%
Stormfur
30%
Thistle(Avos)
30%
Thistleclaw
30%
Thistle(Dotc)
30%
Thornclaw
30%
Tree
30%
Webfoot
30%
Whiteclaw
30%
Whitewing
30%
A Acorn fur
20%
Acornpaw
20%
Acorntail
20%
Adderkit
20%
Adderpaw
20%
Alderbranch
20%
Algernon
20%
Amberclaw
20%
Amberleaf
20%
Antfur
20%
Apple blossom
20%
Appledawn
20%
Applefrost
20%
Applefur(Oots)
20%
Applefur(Tf)
20%
Appleshine
20%
Arc
20%
Archeye
20%
Arc shadow
20%
Aspenfall
20%
Aspentail
20%
B Bacon
20%
Bailey
20%
Beach
20%
Beechpaw(Shc)
20%
Beechpaw(Skc)
20%
Beechstar
20%
Beech tail
20%
Beenose
20%
Beesting
20%
Beetail
20%
Beetle
20%
Beetlenose
20%
Beetleshine
20%
Beetlewhisker
20%
Benny
20%
Berryfall
20%
Bess
20%
Betsy
20%
Bigteeth
20%
Binkie
20%
Birchbark
20%
Birchstar(Rc)
20%
Birchstar(Skc)
20%
Birchstar(Wc)
20%
Birdflight
20%
Birdwing
20%
Birdy
20%
Blackbee
20%
Black ear
20%
Blade
20%
Blazefire
20%
Blizzardstar
20%
Blizzardwing
20%
Bloomheart
20%
Bloompetal
20%
Blossomheart
20%
Blossomkit
20%
Bluebellkit
20%
Bob
20%
Boots
20%
Boulder
20%
Boulderfur
20%
Bouncefire
20%
Brackenfoot
20%
Brackenheart
20%
Brackenwing
20%
Branchleap
20%
Brandy
20%
Breezeheart
20%
Brick
20%
Brightflower
20%
Brightsky
20%
Brightspirit
20%
Bright stream
20%
Brightwhisker
20%
Brindleclaw
20%
Brindlestar
20%
Brindlewing
20%
Bristlebark
20%
Bristleclaw
20%
Broken feather
20%
Broken shadow
20%
Brookripple
20%
Brownpaw
20%
Brushpaw
20%
Bubbling stream
20%
Bug
20%
Bugeater
20%
Burr
20%
Buster
20%
Buttercup
20%
Buzzardkit
20%
Buzzardstar
20%
C Casper
20%
Chasing clouds
20%
Cheddar
20%
Cherryfall
20%
Cherryfeather
20%
Cherrypaw(Sha)
20%
Cherrypaw(Tpb)
20%
Cherrytail
20%
Chester
20%
Chestnut
20%
Chestnutkit
20%
Chiveclaw
20%
Cinnamontail
20%
Clawwhistle
20%
Cleo
20%
Cloudmist
20%
Cloudrunner
20%
Cloud spots
20%
Cloudstar
20%
Cloudy
20%
Cloudy sun
20%
Clover
20%
Cloverfoot
20%
Cloversplash
20%
Clovertail
20%
Coal(Skd)
20%
Coal(Tnp)
20%
Cobweb
20%
Coco(Dk)
20%
Coco(Pk)
20%
Cody
20%
Conefoot
20%
Copperpaw
20%
Cora
20%
Coriander(Brs)
20%
Coriander(Dk)
20%
Cow
20%
Creek
20%
Creekfeather
20%
Cricket
20%
Cricketkit
20%
Croak
20%
Crouchfoot
20%
Crow muzzle
20%
Crowtail
20%
Crystal
20%
Curlkit
20%
Curlypaw
20%
Curry
20%
Cypresspaw
20%
D Daffodil
20%
Daisyheart
20%
Daisytail
20%
Daisytoe
20%
Dancing leaf
20%
Dangling leaf
20%
Dappled pelt
20%
Dappletuft
20%
Darkflower
20%
Darkfoot
20%
Dark whiskers
20%
Dawnbright
20%
Dawn mist
20%
Dawn river
20%
Dawnstar
20%
Dawnstripe
20%
Deerfoot
20%
Deerleap
20%
Dewkit
20%
Dew petal
20%
Dewspots
20%
Dewspring
20%
Dewstar
20%
Dewy leaf
20%
Diesel
20%
Dodge
20%
Doespring
20%
Domino
20%
Dotty
20%
Dovestar(Rc)
20%
Dovestar(Wc)
20%
Driftkit
20%
Drizzle
20%
Duckpaw
20%
Duke
20%
Dusk nose
20%
Duskpaw
20%
Duskshine
20%
Dustflower
20%
Dust muzzle
20%
E Eagle feather
20%
Ebonyclaw
20%
Echomist
20%
Echosnout
20%
Echosong
20%
Eelkit
20%
Eeltail(Cotc)
20%
Eeltail(Mv)
20%
Egg
20%
Eggs
20%
Elderkit
20%
Emberdawn(Lh)
20%
Emberdawn(Tbc)
20%
Emberkit(Cj)
20%
Emberkit(Dotc)
20%
Emberstar(Asc)
20%
Emberstar(Cotc)
20%
F Falcon swoop
20%
Fallen leaves
20%
Fallensnow
20%
Falling dusk
20%
Falling feather
20%
Falling rain
20%
Fallowfern
20%
Fallowkit
20%
Fallowpaw
20%
Fallowstar
20%
Fallowtail
20%
Fang
20%
Fawnpelt
20%
Fawnstep
20%
Feather ear
20%
Featherkit
20%
Featherpelt
20%
Featherstar
20%
Featherstorm
20%
Featherwing
20%
Fernpelt
20%
Fernshade
20%
Fernstripe
20%
Fernwhisper
20%
Ferris
20%
Fidgetflake
20%
Fierce
20%
Finchflight
20%
Finchkit
20%
Finch song
20%
Finchstar
20%
Firbark
20%
Fircone
20%
Fireface
20%
Firefern
20%
Fish leap
20%
Flailfoot
20%
Flamenose
20%
Flamepelt
20%
Flash
20%
Flashnose
20%
Flaxfoot
20%
Fleetfoot
20%
Flick
20%
Flickerkit
20%
Flintfang
20%
Floatshimmer
20%
Floatweed
20%
Flora
20%
Flower(Dotc)
20%
Flower foot
20%
Flowerpaw
20%
Flower(Pot)
20%
Flower(Ro)
20%
Flowerstar
20%
Flowerstem
20%
Flower stream
20%
Flurry
20%
Flutterfoot
20%
Flystar
20%
Flytail
20%
Fog
20%
Foggy
20%
Fognose
20%
Fog nuzzle
20%
Foxclaw
20%
Foxheart
20%
Foxnose
20%
Foxwhisker
20%
Foxy
20%
Frecklewish(Skc)
20%
Frecklewish(Tc)
20%
Fringewhisker
20%
Frisk
20%
Frogtail
20%
Frostclaw
20%
Frosty
20%
Furze
20%
Furzepelt
20%
Fuzz
20%
Fuzzball
20%
Fuzzypelt
20%
Galekit
20%
Goldenstar
20%
Gooseberry
20%
Gorseclaw(Rc)
20%
Gorseclaw(Tc)
20%
Gorseclaw(Wc)
20%
Grass
20%
Grassfoot
20%
Grassfur
20%
Grassheart
20%
Grasspelt
20%
Grasswhisker
20%
Gravelnose
20%
Graysky
20%
Graytail
20%
Graywhisker
20%
Greeneyes
20%
Greenflower
20%
Gremlin
20%
Growler
20%
Grub
20%
Gullswoop
20%
Gust whistles through mountain
20%
Halftail
20%
Hareflight(Fq)
20%
Hareflight(Tr)
20%
Harelight
20%
Harepaw
20%
Harewhisker
20%
Harley
20%
Harveymoon
20%
Hatchkit
20%
Hattie
20%
Havenpelt
20%
Hawkfoot
20%
Hawkfrost
20%
Hawkfur
20%
Hawkheart
20%
Hawkstar
20%
Hawk swoop
20%
Hazel burrow
20%
Hazelkit
20%
Hazelstar
20%
Hazelwing
20%
Henry
20%
Heronkit
20%
Hillkit
20%
Hollow
20%
Hollowbelly
20%
Hollowflight
20%
Hollowspring
20%
Hollow tree
20%
Hollyflower
20%
Hollykit
20%
Hollypelt
20%
Honeyleaf
20%
Honey pelt
20%
Honeytail
20%
Hopekit
20%
Hopper
20%
Hopwhisker
20%
Houndleap
20%
Houndstar
20%
Hunter
20%
Huntheart
20%
Husker
20%
Icecloud
20%
Icefoot
20%
Icewhisker
20%
Icicle
20%
Jackdaw's cry
20%
Jacques
20%
Jagged lightning
20%
Jasper
20%
Jay frost
20%
Jessamy
20%
Jigsaw
20%
Jumper
20%
Jumpfoot
20%
Juniper branch
20%
Kinktail
20%
Kitescratch
20%
Kite wing
20%
L Lakeheart
20%
Lakeshine
20%
Lakestorm
20%
Lapping wave
20%
Larksplash
20%
Larkwing(Avos)
20%
Larkwing(Fq)
20%
LarkwingMv
20%
Lavenderkit
20%
Leafcurl
20%
Leafshade
20%
Leafshine
20%
Leafstorm
20%
Leapkit
20%
Lichen
20%
Lichenfur
20%
Lightningkit
20%
Lightningpaw
20%
Lightning stripe
20%
Lilyflower
20%
Lily(Fq)
20%
Lily(Gv)
20%
Lilyheart
20%
Lilystar
20%
Lilystem
20%
Lilywhisker
20%
Littlebird
20%
Littlekit
20%
Little mew
20%
Littlestep
20%
Lizardfang
20%
Lizardstripe
20%
Loki
20%
Loudbelly
20%
Lowbranch
20%
Lulu
20%
M Macgyver
20%
Madric
20%
Magda
20%
Maggottail
20%
Magpie
20%
Mallowfur
20%
Mallownose
20%
Mallowtail
20%
Maplestar
20%
Marigold(Gv)
20%
Marigoldkit
20%
Marigold(Ths)
20%
Marlow
20%
Marmalade
20%
Melting ice
20%
Merry
20%
Midge
20%
Midgepelt
20%
Minnowkit(Cotc)
20%
Minnowkit(Crp)
20%
Minnowtail
20%
Mintfur(Rc)
20%
Mintfur(Skc)
20%
Minty(Kp)
20%
Minty(Ro)
20%
Misha
20%
Mistcloud
20%
Mistkit
20%
Mistmouse
20%
Mistpelt
20%
Misty water
20%
Mittens
20%
Mitzi(Kp)
20%
Mitzi(Lo)
20%
Molepaw
20%
Molly
20%
Moonlight
20%
Morning fire
20%
Morningmist
20%
Morning star
20%
Morningstar
20%
Mossfire
20%
Mossheart(Shc)
20%
Mossheart(Tc)
20%
Mossleaf
20%
Moss tail
20%
Mossyfoot
20%
Mothpelt
20%
Mothwhisker
20%
Mouse ear
20%
Mousewing
20%
Mudclaw(Shc)
20%
Mudclaw(Wc)
20%
Mudfur
20%
Mumblefoot
20%
Nettle(Avos)
20%
Nettlebreeze
20%
Nettleclaw
20%
Nettle(Dotc)
20%
Nettlepad
20%
Nettlepaw
20%
Nettlesplash
20%
Newtspeck
20%
Nightkit
20%
Nightmask
20%
Nightsky
20%
Nightwhisper
20%
Nightwing
20%
Nutmeg(Oc)
20%
Nutmeg(Skd)
20%
Nutmeg(Tpb)
20%
Nutmeg(Tr)
20%
Nutwhisker
20%
Oakstep
20%
Olive
20%
Olivenose
20%
One eye
20%
One-eye
20%
Otterheart
20%
Owlnose
20%
Owlwhisker
20%
Palebird
20%
Pale sky
20%
Palesky
20%
Patchkit
20%
Pebble heart
20%
Pebblenose
20%
Petal
20%
Petalfur
20%
Petalkit(Lc)
20%
Petalkit(Mv)
20%
Pineclaw
20%
Poppydawn
20%
Raggedstar
20%
Rainflower
20%
Rainstorm
20%
Rainwhisker
20%
Ratscar
20%
Ravenstar
20%
Redwillow
20%
Reedshine(Cotc)
20%
Reedshine(Mv)
20%
Rileypool
20%
Rippleclaw
20%
Robinwing(Rc)
20%
Robinwing(Skc)
20%
Robinwing(Tc)
20%
Robinwing(Wc)
20%
Rock
20%
Rock beneath still water
20%
Rose(Fq)
20%
Rosetail
20%
Rose(Ths)
20%
Rowanfur
20%
Rowankit
20%
Rust
20%
Sedgewhisker
20%
Seedpaw
20%
Shinepaw
20%
Silverhawk
20%
Sleekwhisker
20%
Smallear
20%
Smokefoot
20%
Snake
20%
Snaketail(Fq)
20%
Snaketail(Pot)
20%
Snowtuft
20%
Sorreltail
20%
Sparrowpelt
20%
Sparrow(Rh)
20%
Sparrow(Sh)
20%
Sparrow(Tr)
20%
Speckletail
20%
Splash
20%
Splashtail
20%
Splash when fish leaps
20%
Spotfur
20%
Squirrelwhisker
20%
Stoneflower
20%
Stonestream
20%
Storm pelt
20%
Stormtail
20%
Stripebark
20%
Sunbeam
20%
Sunfish
20%
Sunkit
20%
Swallow
20%
Swallowtail(Rc)
20%
Swallowtail(Wc)
20%
Swoop of chestnut hawk
20%
Tallpoppy
20%
Talon of swooping eagle
20%
Tawnyfur
20%
Thrushcall
20%
Tiny branch
20%
Tinyclaw
20%
Toad
20%
Toadfoot
20%
Tom
20%
Tornear
20%
Twig
20%
Twigbranch
20%
W Wafflepelt
20%
Wasp
20%
Weaselfur
20%
Whitefang
20%
White tail
20%
Whitetail(Stc)
20%
Whitetail(Wc)
20%
Whitewater
20%
Willowbreeze
20%
Willowpelt
20%
Willowshine
20%
Willow stream
20%
Wing shadow over water
20%
Yarrowleaf
20%
Zelda
20%
Chalk
10%
Cinderfur
10%
Conekit
10%
Crest of snowy mountain
10%
Dart
10%
Dash
10%
Dawncloud
10%
Dawnfeather
10%
Deerdapple
10%
Dudley
10%
Dusk smoke
10%
Duskwater
10%
Fallowsong
10%
Fennelstar
10%
Fern leaf
10%
Fernleaf
10%
Ferretclaw
10%
Firefly
10%
Fleck
10%
Floyd
10%
Flufftail
10%
Fogdrift
10%
Frecklepelt
10%
Frondwhisker
10%
Furled Bracken
10%
Gorsefoot
10%
Gustwhisker
10%
Harepounce
10%
Hawksnow
10%
Hayberry
10%
Hazelfrond
10%
Hickorynose
10%
Hoot
10%
Hootwhisker
10%
Hutch
10%
Jester
10%
Lightningpelt
10%
Lilyfur
10%
Livy
10%
Logfur
10%
Mae
10%
Maplewhisker
10%
Marshcloud
10%
Marshkit
10%
Marshpaw
10%
Marshscar
10%
Max(Kp)
10%
Max(Ro)
10%
Meadowpelt
10%
Meadowslip
10%
Melody
10%
Milkfur(Mv)
10%
Milkfur(Wc)
10%
Milkfur(Ys)
10%
Milkweed
10%
Milo
10%
Mintkit
10%
Mintpaw
10%
Mistfeather
10%
Mistlekit(Skc)
10%
Mistlekit(Tc)
10%
Moon shadow
10%
Morningcloud
10%
Morning whisker
10%
Mosspaw
10%
Mottlepaw
10%
Mousefang
10%
Muddyclaw
10%
Mud paws
10%
Mudpuddle
10%
Mudsplash
10%
Mudthorn
10%
Myler
10%
Myrtlebloom
10%
N Nami
10%
Nectarsong
10%
Nettlespot
10%
Nettlesting
10%
Oakleaf
10%
Oatclaw
10%
Oatpaw
10%
Oatspeckle
10%
Oatwhisker(Tc)
10%
Oatwhisker(Wc)
10%
O O'hara
10%
Oliver
10%
Oscar
10%
Ottersplash
10%
Owlclaw
10%
Owl feather
10%
Owlflight
10%
Owlfur
10%
Owlpaw
10%
Owl song
10%
Owlstar(Cotc)
10%
Owlstar(Sotc)
10%
P Pad
10%
Palefoot
10%
Palepaw
10%
Pancakes
10%
Parsleyseed
10%
Parsnip
10%
Pasha
10%
Patchfoot
10%
Pebblefoot
10%
Pebblefur
10%
Pebble lunge
10%
Pebbleshine
10%
Petalfall
10%
Petalnose
10%
Petalstep
10%
Pinebrush
10%
Pine needle
10%
Pinenose
10%
Plumclaw
10%
Plumstone
10%
Plumwillow
10%
Pod
10%
Podlight
10%
Poppycloud
10%
Pounce
10%
Pouncetail(Rc)
10%
Pouncetail(Shc)
10%
Puddleshine
10%
Q Quailfeather(Cotc)
10%
Quailfeather(Tbc)
10%
Quailheart
10%
Quailkit
10%
Quailpaw
10%
Quickpaw(Shc)
10%
Quickpaw(Wc)
10%
Quick water
10%
Quietkit
10%
Quiet rain
10%
Quince
10%
R Rabbitear
10%
Rabbitleap(Skc)
10%
Rabbitleap(Tc)
10%
Rabbitstar
10%
Rabbittail
10%
Raincloud
10%
Raindrop
10%
Rainfall
10%
Rainfur(Skc)
10%
Rainfur(Tc)
10%
Rainkit
10%
Rapidsplash
10%
Ravencry
10%
Ravenwing
10%
Red claw
10%
Redclaw
10%
Redscar
10%
Reedclaw
10%
Reedfeather
10%
Reedstar
10%
Reed tail
10%
Reedtail
10%
Reena(Kp)
10%
Reena(Ro)
10%
Ridgeglow
10%
Riga
10%
Ripplegrass
10%
Ripplestar
10%
Rising moon
10%
Roach
10%
Robinkit
10%
Robinpaw
10%
Robinstar
10%
Rockfall
10%
Rocky
10%
Rook
10%
Rooktail
10%
Rosebush
10%
Rosepetal
10%
Roughpelt
10%
Rowanberry
10%
Rubblekit
10%
Rubblepaw
10%
Ruby
10%
Running fox
10%
Running horse
10%
Rushpaw
10%
Rushtail(Rc)
10%
Rushtail(Wc)
10%
Rushtooth
10%
Russetkit
10%
Ryestalk
10%
Ryewhisker
10%
S Sage
10%
Sagenose
10%
Sagewhisker
10%
Sandgorse
10%
Sandynose
10%
Scarlet
10%
Scooby
10%
Scorchfur
10%
Scorchwind
10%
Scout
10%
Scowl
10%
Scree
10%
Scree beneath winter sky
10%
Sedgecreek
10%
Seedpelt(Fq)
10%
Seedpelt(Mv)
10%
Seedpelt(Pc)
10%
Shaded moss
10%
Shade pelt
10%
Shadepelt(Avos)
10%
Shadepelt(Tpb)
10%
Shadestar
10%
Shanty
10%
Shattered ice
10%
Shimmerpelt(Brs)
10%
Shimmerpelt(Crp)
10%
Shineflower
10%
Shivering rose
10%
Shnuky
10%
Shorty
10%
Shredtail
10%
Shrewclaw
10%
Shrewfoot
10%
Shrewpaw
10%
Shy fawn
10%
Shyheart
10%
Shykit
10%
Silverflame
10%
Silver frost
10%
Silvermask
10%
Silver stripe
10%
Skipper
10%
Skyheart
10%
Skywatcher
10%
Slant
10%
Slash
10%
Slate(Dotc)
10%
Slatefur
10%
Slate(Ih)
10%
Slatepelt
10%
Sleek fur
10%
Slightfoot
10%
Sloefur(Rc)
10%
Sloefur(Shc)
10%
Smallstar
10%
Smokepaw(Sotc)
10%
Smokepaw(Tnp)
10%
Snail(Lo)
10%
Snailpaw
10%
Snail(Ro)
10%
Snail shell
10%
Sneezecloud
10%
Sniff
10%
Snowbush
10%
Snowdrop
10%
Snowflake(Kp)
10%
Snowflake(Ro)
10%
Snow hare
10%
Snowstar
10%
Snowy
10%
Socks
10%
Songbird
10%
Songkit
10%
Songleap
10%
Sorrelstripe
10%
Sparrowfeather(Df)
10%
Sparrowfeather(Stc)
10%
Sparrowstar
10%
Sparrowtail
10%
Specklepaw
10%
Spiderfoot
10%
Spikefur
10%
Spiketail
10%
Spireclaw
10%
Spiresight
10%
Splashfoot
10%
Splashheart
10%
Splashkit
10%
Splashnose
10%
Splashpaw
10%
Spotnose
10%
Spotted fur
10%
Spottedpaw
10%
Spottedpelt
10%
Squirrelbrush
10%
Squirrelfur
10%
Stagleap(Tc)
10%
Stagleap(Wc)
10%
Star flower
10%
Starlingfeather
10%
Starlingwing
10%
Stemleaf
10%
Stick
10%
Stoat
10%
Stoatfur(Shc)
10%
Stoatfur(Skc)
10%
Stoneclaw
10%
Stonepelt
10%
Stonestar
10%
Stonewing
10%
Storkkit
10%
Stormheart
10%
Streak
10%
Stream
10%
Streamripple
10%
Strikestone
10%
Stripeheart
10%
Stripes
10%
Stumpytail
10%
Sunnypelt
10%
Sunnytail
10%
Sunpelt(Lc)
10%
Sunpelt(Skc)
10%
Sunrise
10%
Sun shadow
10%
Sunshine
10%
Sunstrike
10%
Susan
10%
Suzy
10%
Swallowflight
10%
Sweetbriar
10%
Sweetpaw
10%
Swiftbreeze
10%
Swiftflight
10%
Swiftfoot
10%
Swift minnow
10%
Swiftstar(Lc)
10%
Swiftstar(Wc)
10%
Swiftwing
10%
Talonpaw
10%
Talonstar
10%
Tangle
10%
Tangleburr
10%
Tanglepaw
10%
Tanglewhisker
10%
Tansy
10%
Tansypaw
10%
Tawnyspots
10%
Tempest
10%
Thistleheart
10%
Thistlepaw(Cotc)
10%
Thistlepaw(Tnp)
10%
Thistletail
10%
Thorntooth
10%
Thornwhisker
10%
Thriftear
10%
Thrushpelt(Tc)
10%
Thrushpelt(Wc)
10%
Thrush roll
10%
Tiger tail
10%
Tinycloud
10%
Toadskip
10%
Toadstep
10%
Troutclaw
10%
Trout fur
10%
Troutshine
10%
Troutstar
10%
Troutstream
10%
Tulipkit
10%
Tumblekit
10%
Tumbletail
10%
Tuna
10%
Turtlecrawl
10%
Turtlekit
10%
Turtlesnap
10%
Twist
10%
Twisted branch
10%
Tyr
10%
Victor
10%
Vinestar
10%
Vinetail
10%
Violet dawn
10%
Vixenleap
10%
Voletooth
10%
Wanderkit
10%
Wasppaw
10%
Wasptail
10%
Waspwhisker
10%
Weaselkit
10%
Weaselwhisker
10%
Webkit
10%
Webster
10%
Weedwhisker
10%
Weevil
10%
Wetfoot
10%
Whiskernose
10%
Whiskers
10%
Whistle
10%
Whistlebreeze
10%
Whiteberry
10%
Whitebreeze
10%
Whitestar(Cotc)
10%
Whitestar(Sf)
10%
Whorlpelt
10%
Wildfur
10%
Wildkit
10%
Willie
10%
Willowclaw
10%
Willowkit
10%
Willownose
10%
Willowstar
10%
Windflight
10%
Wishkit
10%
Wolfstep
10%
Woodkit
10%
Woodlouse
10%
Woodsong
10%
Woody
10%
Woollytail
10%
Wrenflight(Skc)
10%
Wrenflight(Wc)
10%
Y Yarrowflight
10%
Yellowstar
10%
Yew
10%
Yew tail
10%
Z Zack
10%
Zeke
10%
Ziggy
10%
Oddfoot
0%
Onion
0%
Peaktail
0%
Peanut
0%
Pearnose
0%
Peg
0%
Pepper
0%
Perchkit
0%
Perchpaw
0%
Perchwing
0%
Percy
0%
Petaldust
0%
Petunia
0%
Pickle
0%
Pigeonflight
0%
Pigeonfoot
0%
Pigeonpaw
0%
Pikepaw(Botc)
0%
Pikepaw(Mo)
0%
Piketooth
0%
Pink eyes
0%
Piper
0%
Pipsqueak
0%
Pixie
0%
Polly
0%
Poolcloud
0%
Poolpaw
0%
Pouncestep
0%
Prickleface
0%
Pricklekit(Rc)
0%
Pricklekit(Wc)
0%
Pricklenose
0%
Primrosepaw
0%
Puffkit
0%
Pumpernickel
0%
Pumpkin
0%
Rabbitfur
0%
Rainleap
0%
Rainsplash
0%
Rainswept flower
0%
Rascal
0%
Redcloud
0%
Redthistle
0%
Ripple shine
0%
Rockshade
0%
Rufus
0%
Rumble
0%
Runningbrook
0%
Runningstorm
0%
Rustlekit
0%
Scrap
0%
Scraps
0%
Screech of angry owl
0%
Scruff
0%
Sedgestar
0%
Seville
0%
Sharpclaw
0%
Sharp hail
0%
Sheeptail
0%
Sheer path beside waterfall
0%
Shell claw
0%
Shellfur
0%
Shellheart
0%
Shiningheart
0%
Shrewtooth
0%
Shyfrost
0%
Silkypod
0%
Silt
0%
Silverpaw(Botc)
0%
Silverpaw(Tpb)
0%
Smokehaze
0%
Smoketalon
0%
Snakestar
0%
Snaketooth(Rc)
0%
Snaketooth(Shc)
0%
Snapper
0%
Snaptooth
0%
Snipe
0%
Snipkit
0%
Snookthorn
0%
Snow tail
0%
Softpelt
0%
Softwing
0%
Soot
0%
Sootfur
0%
Sorrelshine
0%
Spider paw
0%
Spiderpelt
0%
Spiderstar
0%
Splinter
0%
Sprucetip
0%
Stemtail
0%
Stone song(Dotc)
0%
Stone song(Pot)
0%
Stonetooth
0%
Stretchkit
0%
Strong pounce
0%
Sunflower
0%
Sunspots
0%
Swampkit
0%
Swankit
0%
Sweetums
0%
T Tadpole
0%
Taylor
0%
Tess
0%
Thrushtalon
0%
Thrushwing
0%
Timberfur
0%
Tommy
0%
Tom-tom
0%
Twigtail
0%
V Velvet(Avos)
0%
Velvet(Skd)
0%
Vinekit
0%
Voleclaw
0%
Volestar
0%
Volewhisper
0%
Wavepaw
0%
Wee hen
0%
Whisperbreeze
0%
Whispering breeze
0%
Whitethroat
0%
Willow tail
0%
Windkit
0%
Wolfheart
0%
No matching quizzes found
Score Distribution
Percent of People with Each Score
Percentile by Number Answered
Your Score History
You have not taken this quiz since the last reset